000 00692nam a22002417a 4500
003 UA-OsUOA
001 75215
007 ta
008 20110512b un ||||| |||| 00| 0 ukr d
100 _aПавлівський Б.
090 _a821.161.2
_bП12
942 _cBK
040 _aUA-OsUOA
_bukr
_cUA-OsUOA
_dUA-OsUOA
245 _aБог своє береже. Вибрані поезії
_cупоряд. Я.Гевка
300 _a172 с.
955 _a3
041 _aukr
080 _a821.161.2
020 _a978-966-656-170-4
260 _aТернопіль
_bЛілея
_c2009
650 7 _a82 Література. Літературознавство
_2UDC
999 _c361511
_d361511